000 00463nam a2200145 a 4500
001 000027977
005 20200930031241.0
008 110406s1959 dr 000 0 spa d
040 _aDO-SdBNP
_bspa
_cBNPHU
100 1 _aCucurollo, Oscar
_955038
245 1 0 _aLista de mariposas (RHOPALOCERA) de Santo Domingo. /
_cOscar Cucurullo.
260 _aCiudad Trujillo, República Dominicana :
_bImpresora Dominicana,
_c1959.
300 _a15 p. ;
_c25 cm.
049 _aBNPD
999 _c27469
_d27469